|
|
|
|
| LEADER |
00801naa a2200205 i 4500 |
| 001 |
acta82751 |
| 005 |
20250429105810.0 |
| 008 |
231220s2016 hu o 100 hun d |
| 040 |
|
|
|a SZTE Egyetemi Kiadványok Repozitórium
|b hun
|
| 041 |
|
|
|a hun
|
| 100 |
1 |
|
|a Gyimesi Tímea
|
| 245 |
1 |
0 |
|a "Majdnem semmi" - Patrick Modiano világa
|h [elektronikus dokumentum] :
|b [absztrakt] /
|c Gyimesi Tímea
|
| 260 |
|
|
|c 2016
|
| 300 |
|
|
|a 15
|
| 490 |
0 |
|
|a Móra 50 Konferencia
|
| 650 |
|
4 |
|a Bölcsészettudományok
|
| 650 |
|
4 |
|a Nyelvek és irodalom
|
| 695 |
|
|
|a Patrick Modiano - előadáskivonat, Francia irodalom története - 20-21. sz. - előadáskivonat
|
| 711 |
|
|
|a Móra 50 Konferencia
|c Szeged
|d 2016. április 15-16.
|
| 856 |
4 |
0 |
|u http://acta.bibl.u-szeged.hu/82751/1/morakonf_2016_apr_015_03.pdf
|z Dokumentum-elérés
|